Maʻrakat al-Islām wa-al-raʼsmālīyah. (Record no. 50966)

MARC details
000 -LEADER
fixed length control field 00502cam a22001931 4500
001 - CONTROL NUMBER
control field ne 68004197
003 - CONTROL NUMBER IDENTIFIER
control field DLC
005 - DATE AND TIME OF LATEST TRANSACTION
control field 20260227111849.0
008 - FIXED-LENGTH DATA ELEMENTS--GENERAL INFORMATION
fixed length control field 890127s1951 xx 000 0 ara
010 ## - LIBRARY OF CONGRESS CONTROL NUMBER
LC control number ne 68004197
035 ## - SYSTEM CONTROL NUMBER
System control number (OCoLC)23481685
040 ## - CATALOGING SOURCE
Original cataloging agency DLC
Transcribing agency MiU
Modifying agency DLC
050 00 - LIBRARY OF CONGRESS CALL NUMBER
Classification number HN40.M6
Item number Q73 1951
100 1# - MAIN ENTRY--PERSONAL NAME
Personal name Quṭb, Sayyid,
Dates associated with a name 1906-1966.
245 10 - TITLE STATEMENT
Title Maʻrakat al-Islām wa-al-raʼsmālīyah.
260 ## - PUBLICATION, DISTRIBUTION, ETC.
Date of publication, distribution, etc. [1961]
300 ## - PHYSICAL DESCRIPTION
Extent 158 p.
Dimensions 20 cm.
650 #0 - SUBJECT ADDED ENTRY--TOPICAL TERM
Topical term or geographic name entry element Islam and social problems.

No items available.

Powered by Koha